000 00388nam a2200169Ia 4500
005 20251020182559.0
008 200515s9999 xx 000 0 und d
082 _aSC/331.16/B94
100 _aBURNEO, José
245 0 _aManual de capacitación laboral
260 _aLima
260 _c1978
300 _a231
650 _aFORMACION PROFESIONAL
650 _aMANUALES
942 _cLIB
999 _c2990
_d2990